| 000 | 02476nam a2200361 i 4500 | ||
|---|---|---|---|
| 001 | 000046297 | ||
| 003 | DO-SdBNP | ||
| 005 | 20260321073643.0 | ||
| 007 | ta | ||
| 008 | 150716s2000 dr r 000 0 spa d | ||
| 020 | _a9993442046 | ||
| 040 |
_aDO-SdBNP _bspa _cBNPHU _erda |
||
| 082 | 4 |
_222 _a923.27293 _bB742s |
|
| 111 | 2 |
_aSeminario Internacional Juan Bosch Vida y Obra _n(3 : _d2000 : _cSanto Domingo) _977210 |
|
| 245 | 1 | 0 |
_aJuan Bosch : _bvida y obra / _ceditor, Orlando Díaz ; introducción, Alejandro González Pons. |
| 264 |
_aSanto Domingo : _bComisión Permanente de la Feria del Libro, _c2000. |
||
| 300 |
_a174 páginas ; _c23 cm. |
||
| 336 |
_2rdacontent _atexto _btxt |
||
| 337 |
_2rdamedia _asin mediación _bn |
||
| 338 |
_2rdacarrier _avolumen _bnc |
||
| 490 | 1 |
_aEdiciones Ferilibro ; _v33 |
|
| 500 | _aIncluye referencias bibliográficas y notas al pie de las páginas | ||
| 500 | _aPonencias presentadas en el Seminario Internacional 'Juan Bosch: Vida y Obra', realizado dentro del marco de la III Feria Internacional del Libro Santo Domingo-2000" | ||
| 505 | 0 |
_aSemblanza literaria de Juan Bosch / _rBruno Rosario Candelier -- _tEl problema del ver en política: Althusser y Bosch / _rRafael Julián -- _tJuan Bosch, luchador, escritor, hermeneuta / _rJorge Núñez Sánchez -- _tLa visión criollística en la cuentística de Juan Bosch, sus rasgos esenciales / _rRoberto Fernández Valledor -- _tJuan Bosch maestro del cuento latinoamericano / _rRaúl Pérez Torres -- _tJuan Bosch : patriota, escritor, líder y maestro / _rEuclides Gutiérrez Félix -- _tNarración y estilo en Juan Bosch: su mundo cenestético / _rManuel A. Ossers Cabrera -- _tLa imagen de América: cuentos dominicanos y americanos de Juan Bosch / _rManuel Joffré Berríos -- _tLa mujer en los cuentos de Juan Bosch: paradojas, conflictos y realidades / _rClara Mercedes Jorge Tejada de Ramírez -- _tJuan Bosch: una estampa literaria / _rLeón David -- _tJuan Bosch: heritier du genre conte / _rLionel Richard -- _tExpositores / _tNotas bibliográficas. |
|
| 590 | _aInventariado, 2018/BT | ||
| 600 | 1 | 0 |
_a Bosch, Juan, _d1909-2001 _976555 |
| 650 | 4 |
_aPresidentes _zRepública Dominicana _vCongresos, conferencias, etc. _974310 |
|
| 651 | 4 |
_aRepública Dominicna _vBiografías _vCongresos, conferencias, etc. _974311 |
|
| 700 | 1 |
_aGonzález Pons, Alejandro, _eintrodución _968430 |
|
| 700 | 1 |
_aDíaz, Orlando, _eeditor _914007 |
|
| 910 | _aValidado. Control de calidad MFF | ||
| 942 |
_2ddc _cLBS1 |
||
| 999 |
_c45786 _d45786 |
||